[Event "Tom Weston Open Major"]
[Site "Cardiff"]
[Date "2018.04.01"]
[Round "5.7"]
[White "White, Ernest M"]
[Black "Probert, Malcolm"]
[Result "1-0"]
[WhiteElo "1830"]
[BlackElo "1620"]
[PlyCount "47"]
[EventDate "2018.03.30"]
[EventType "swiss"]
[EventRounds "7"]
[EventCountry "WLS"]
[SourceDate "2018.03.30"]

1. e4 g6 2. d4 Bg7 3. Nf3 c6 4. Nc3 d5 5. h3 Nh6 6. Bf4 dxe4 7. Nxe4 O-O 8. Bc4
Nf5 9. c3 b5 10. Bb3 b4 11. O-O a5 12. Re1 Na6 13. Ne5 Bb7 14. Nxf7 Rxf7 15.
Ng5 Nh6 16. Ne6 Qe8 17. Qd2 Nf5 18. g4 Nh4 19. Ng5 Kh8 20. Nxf7+ Qxf7 21. Bxf7
Nf3+ 22. Kf1 Nxd2+ 23. Bxd2 Rd8 24. Rxe7 1-0

[Event "Tom Weston Open Major"]
[Site "Cardiff"]
[Date "2018.04.01"]
[Round "5.8"]
[White "Morgans, Justin"]
[Black "Bridges, Paul"]
[Result "1/2-1/2"]
[WhiteElo "1623"]
[BlackElo "1804"]
[PlyCount "65"]
[EventDate "2018.03.30"]
[EventType "swiss"]
[EventRounds "7"]
[EventCountry "WLS"]
[SourceDate "2018.03.30"]

1. d4 d5 2. c4 e6 3. Nc3 c6 4. Nf3 f5 5. g3 Nf6 6. Bg2 Bd6 7. cxd5 exd5 8. O-O
O-O 9. e3 Nbd7 10. a3 Ne4 11. Bd2 Qe7 12. Qc2 Ndf6 13. Rfb1 Be6 14. b4 Rfc8 15.
Qb2 Nxc3 16. Bxc3 Ne4 17. Be1 Rc7 18. Nd2 Rac8 19. Nb3 b6 20. Rc1 g6 21. Rc2 c5
22. bxc5 bxc5 23. dxc5 Nxc5 24. Nd4 Ne4 25. Rxc7 Rxc7 26. Bb4 Bxb4 27. Nxe6
Qxe6 28. Qxb4 Qc6 29. Qd4 Qc4 30. Qe5 Qc6 31. Rd1 Rd7 32. Qe8+ Kg7 33. Qe5+
1/2-1/2

[Event "Tom Weston Open Major"]
[Site "Cardiff"]
[Date "2018.04.01"]
[Round "5.10"]
[White "Fraser, Susanna"]
[Black "Thomas, Roy"]
[Result "0-1"]
[WhiteElo "1486"]
[BlackElo "1701"]
[PlyCount "66"]
[EventDate "2018.03.30"]
[EventType "swiss"]
[EventRounds "7"]
[EventCountry "WLS"]
[SourceDate "2018.03.30"]

1. d4 e6 2. c4 f5 3. g3 Nf6 4. Nf3 Be7 5. Bg2 d6 6. O-O O-O 7. Nc3 Ne4 8. Qc2
Nxc3 9. Qxc3 Nd7 10. b3 Nf6 11. Nd2 d5 12. Bb2 c6 13. Rac1 Bd7 14. Nf3 Be8 15.
Ne5 Nd7 16. Nxd7 Bxd7 17. c5 f4 18. e3 f3 19. Bh3 e5 20. Bxd7 Qxd7 21. e4 exd4
22. Qd3 Qh3 23. Qxf3 Rxf3 24. Bxd4 Raf8 25. exd5 cxd5 26. b4 R8f5 27. Rfd1 Rh5
28. b5 Bf6 29. Be3 Bg5 30. Rc2 Qxh2+ 31. Kf1 Bxe3 32. Ke2 Qxf2+ 33. Kd3 Bxc5#
0-1

[Event "Tom Weston Open Major"]
[Site "Cardiff"]
[Date "2018.04.01"]
[Round "5.11"]
[White "Jansen Van Rensburg, Leon"]
[Black "Williams, Stephen"]
[Result "1-0"]
[WhiteElo "1497"]
[BlackElo "1683"]
[PlyCount "103"]
[EventDate "2018.03.30"]
[EventType "swiss"]
[EventRounds "7"]
[EventCountry "WLS"]
[SourceDate "2018.03.30"]

1. e4 c6 2. Nf3 d5 3. Nc3 Bg4 4. exd5 cxd5 5. Be2 Nf6 6. d4 e6 7. Bg5 Be7 8.
O-O Nc6 9. h3 Bxf3 10. Bxf3 Qb6 11. Be3 Qxb2 12. Qd2 Bb4 13. Na4 Bxd2 14. Nxb2
Bc3 15. Rab1 Bxd4 16. Nd3 Bxe3 17. fxe3 b6 18. c4 Ne7 19. c5 bxc5 20. Nxc5 O-O
21. e4 dxe4 22. Nxe4 Nxe4 23. Bxe4 Nd5 24. Rb3 Rab8 25. Ra3 Rb7 26. Rd1 Rd8 27.
Ra5 Rbd7 28. Bf3 g6 29. h4 Kg7 30. Rd4 f5 31. Rda4 Nb6 32. Rb4 Nd5 33. Rba4 Nc3
34. Ra3 Nb1 35. R3a4 Nd2 36. Bc6 Rc7 37. Rxa7 Rxa7 38. Rxa7+ Kh6 39. Re7 Rd6
40. Be8 Ra6 41. a4 Rd6 42. Ra7 e5 43. a5 e4 44. a6 Re6 45. Bf7 Re5 46. Bg8 g5
47. Rxh7+ Kg6 48. h5+ Kf6 49. a7 Ra5 50. Bd5 e3 51. a8=Q Rxa8 52. Bxa8 1-0

[Event "Tom Weston Open Major"]
[Site "Cardiff"]
[Date "2018.04.01"]
[Round "5.12"]
[White "Camp, Syringa Lyn"]
[Black "Ray, Hiya"]
[Result "0-1"]
[WhiteElo "1676"]
[BlackElo "1581"]
[PlyCount "80"]
[EventDate "2018.03.30"]
[EventType "swiss"]
[EventRounds "7"]
[EventCountry "WLS"]
[SourceDate "2018.03.30"]

1. e4 c5 2. d4 cxd4 3. c3 Nf6 4. e5 Nd5 5. Bc4 Nb6 6. Bb3 Nc6 7. Nf3 d6 8. cxd4
Bg4 9. Bxf7+ Kxf7 10. Ng5+ Ke8 11. Qxg4 dxe5 12. O-O Nxd4 13. Na3 Qd7 14. Qxd7+
Nxd7 15. Be3 Ne2+ 16. Kh1 h6 17. Ne6 Kf7 18. Nxf8 Rhxf8 19. Rfe1 Nf4 20. Rad1
Nf6 21. Nc4 Ng6 22. Bc1 e4 23. h3 Rac8 24. Ne3 Rfd8 25. b3 Nf4 26. Rxd8 Rxd8
27. Kh2 Nd3 28. Rd1 Rc8 29. Bd2 Nxf2 30. Rf1 Nd3 31. g4 Rc5 32. h4 Ke8 33. Kg3
e6 34. Nc4 b5 35. Na3 Nd5 36. g5 e3 37. Ba5 b4 38. Nc4 e2 39. Nd6+ Kd7 40. Rf7+
Kxd6 0-1

[Event "Tom Weston Open Major"]
[Site "Cardiff"]
[Date "2018.04.01"]
[Round "5.13"]
[White "O'Rourke, Kevin"]
[Black "Summers, Charles"]
[Result "0-1"]
[WhiteElo "1270"]
[BlackElo "1901"]
[PlyCount "78"]
[EventDate "2018.03.30"]
[EventType "swiss"]
[EventRounds "7"]
[EventCountry "WLS"]
[SourceDate "2018.03.30"]

1. e4 c5 2. Nf3 e6 3. e5 Qc7 4. Nc3 a6 5. d3 Nc6 6. Bf4 f5 7. g3 Nge7 8. Be2
Ng6 9. Qd2 b5 10. a3 Bb7 11. O-O Ncxe5 12. Nxe5 Nxe5 13. Qd1 Qc6 14. f3 Ng6 15.
Qe1 Nxf4 16. gxf4 Be7 17. Kh1 O-O-O 18. Rg1 Rdg8 19. Rg2 Bd6 20. Qg1 g6 21. Rf1
Bxf4 22. Nd1 g5 23. Rff2 h5 24. h3 Qd6 25. c4 Qe7 26. cxb5 axb5 27. b4 g4 28.
fxg4 hxg4 29. Bf3 Rxh3+ 30. Rh2 Bxf3+ 31. Rxf3 Rxh2+ 32. Qxh2 Bxh2 33. Rf2 Bg3
34. Rd2 Rh8+ 35. Kg1 d6 36. d4 c4 37. a4 Qh4 38. Nf2 Bxf2+ 39. Rxf2 Qh1# 0-1

[Event "Tom Weston Open Major"]
[Site "Cardiff"]
[Date "2018.04.01"]
[Round "5.14"]
[White "Larg, Richard"]
[Black "McIntosh, Rachel"]
[Result "0-1"]
[WhiteElo "1680"]
[BlackElo "1453"]
[PlyCount "70"]
[EventDate "2018.03.30"]
[EventType "swiss"]
[EventRounds "7"]
[EventCountry "WLS"]
[SourceDate "2018.03.30"]

1. d4 Nf6 2. c4 e5 3. e3 exd4 4. exd4 d6 5. Bg5 Nbd7 6. Nc3 Be7 7. Nf3 O-O 8.
Be2 c6 9. O-O d5 10. c5 b6 11. b4 a5 12. a3 Ba6 13. Bxa6 Rxa6 14. h3 h6 15. Bh4
Ne4 16. Bxe7 Qxe7 17. Qe2 Raa8 18. Nd2 Rae8 19. Ndxe4 dxe4 20. Rfe1 f5 21. cxb6
axb4 22. Qc4+ Kh8 23. Qxb4 Qxb4 24. axb4 Nxb6 25. Ra6 Rb8 26. g3 Rf6 27. Rd1
Nc4 28. Na2 Rd6 29. Rc1 Rxd4 30. Rxc6 Ne5 31. Rc8+ Rxc8 32. Rxc8+ Kh7 33. Kf1
Nf3 34. b5 Rd1+ 35. Kg2 Rg1# 0-1

[Event "Tom Weston Open Major"]
[Site "Cardiff"]
[Date "2018.04.01"]
[Round "5.15"]
[White "Harle, Bill"]
[Black "Dixon, Chris"]
[Result "1/2-1/2"]
[WhiteElo "1782"]
[BlackElo "1808"]
[PlyCount "50"]
[EventDate "2018.03.30"]
[EventType "swiss"]
[EventRounds "7"]
[EventCountry "WLS"]
[SourceDate "2018.03.30"]

1. d4 Nf6 2. Nf3 g6 3. g3 Bg7 4. Bg2 O-O 5. O-O d6 6. b3 c5 7. Bb2 cxd4 8. Bxd4
Nc6 9. Bb2 d5 10. Nbd2 Bf5 11. a3 Re8 12. Nd4 Nxd4 13. Bxd4 e5 14. Bb2 e4 15.
e3 Ng4 16. Bxg7 Kxg7 17. h3 Ne5 18. Qe2 h5 19. Rad1 Qc8 20. Nb1 Qe6 21. Nc3
Bxh3 22. Nxd5 Bxg2 23. Kxg2 Rac8 24. Nf4 Qc6 25. c4 Red8 1/2-1/2

[Event "Tom Weston Open Major"]
[Site "Cardiff"]
[Date "2018.04.01"]
[Round "5.16"]
[White "Govindaraj, Neya"]
[Black "Hurn, Robert AJ"]
[Result "1/2-1/2"]
[WhiteElo "1325"]
[BlackElo "1593"]
[PlyCount "63"]
[EventDate "2018.03.30"]
[EventType "swiss"]
[EventRounds "7"]
[EventCountry "WLS"]
[SourceDate "2018.03.30"]

1. d4 Nf6 2. Nc3 d5 3. Bg5 c5 4. Nf3 Qb6 5. Rb1 Nbd7 6. Bxf6 Nxf6 7. e3 e6 8.
g3 Be7 9. Bg2 O-O 10. O-O Bd7 11. Qd3 cxd4 12. exd4 Rac8 13. Ne5 Bc6 14. Rfe1
Bd6 15. a3 Nd7 16. f4 a6 17. Qe3 Rce8 18. b4 Nxe5 19. fxe5 Be7 20. Rf1 Bd7 21.
Rbe1 Rc8 22. Rc1 Qd8 23. h4 Qb6 24. Ne2 Bb5 25. c3 Qc7 26. Rf3 Qc4 27. Nf4 Qb3
28. Ra1 Qb2 29. Qe1 Qc2 30. Rc1 Qa4 31. Ra1 Bc4 32. Bf1 1/2-1/2

[Event "Tom Weston Open Major"]
[Site "Cardiff"]
[Date "2018.04.01"]
[Round "5.18"]
[White "Evans, James"]
[Black "White, Sam"]
[Result "1-0"]
[WhiteElo "1542"]
[BlackElo "1567"]
[PlyCount "93"]
[EventDate "2018.03.30"]
[EventType "swiss"]
[EventRounds "7"]
[EventCountry "WLS"]
[SourceDate "2018.03.30"]

1. e4 c6 2. c4 g6 3. d4 Bg7 4. Nc3 e5 5. dxe5 Bxe5 6. Nf3 Bxc3+ 7. bxc3 d6 8.
Be3 c5 9. e5 Qa5 10. Qb3 dxe5 11. Nxe5 a6 12. Bd3 Nf6 13. O-O O-O 14. Bc1 Re8
15. Bg5 Nbd7 16. Nxd7 Nxd7 17. Rae1 Re6 18. Rxe6 fxe6 19. Re1 Qb6 20. Qd1 Qd6
21. Bf5 Qxd1 22. Bxe6+ Kf8 23. Rxd1 Ke8 24. Kf1 b6 25. Re1 Ra7 26. Bg8+ Kf8 27.
Bxh7 Nb8 28. Bxg6 Kg7 29. Be8 Bf5 30. Re7+ Rxe7 31. Bxe7 Bd3+ 32. Ke1 Bxc4 33.
Bd6 Bd5 34. g3 Bc6 35. Bxc6 Nxc6 36. c4 Na5 37. Bc7 Nxc4 38. Ke2 b5 39. Kd3 a5
40. Kc3 a4 41. Bb8 Na5 42. f4 b4+ 43. Kb2 Nc4+ 44. Kc2 Ne3+ 45. Kd3 Nd5 46. Kc4
Nc3 47. Be5+ 1-0

[Event "Tom Weston Open Major"]
[Site "Cardiff"]
[Date "2018.04.02"]
[Round "6.1"]
[White "Jukes, Sam"]
[Black "Gibbs, Dominic V"]
[Result "1/2-1/2"]
[WhiteElo "1760"]
[BlackElo "1869"]
[PlyCount "104"]
[EventDate "2018.03.30"]
[EventType "swiss"]
[EventRounds "7"]
[EventCountry "WLS"]
[SourceDate "2018.03.30"]

1. e4 g6 2. d4 Bg7 3. Nf3 d6 4. c3 Nf6 5. Bd3 O-O 6. O-O Nbd7 7. Re1 e5 8. Nbd2
Re8 9. Qc2 Nf8 10. dxe5 dxe5 11. Nc4 N8d7 12. Bg5 c6 13. Rad1 Qc7 14. Qe2 b5
15. Ncd2 Nc5 16. Bc2 Ne6 17. g3 Nxg5 18. Nxg5 h6 19. Ngf3 Bg4 20. Nf1 a5 21.
Ne3 Be6 22. c4 b4 23. Nd2 Nd7 24. a3 Bf8 25. a4 Nc5 26. b3 Be7 27. Kg2 Rad8 28.
Nf3 Rxd1 29. Rxd1 Kg7 30. Ne1 Rd8 31. f3 Rxd1 32. Qxd1 Qd7 33. Qxd7 Bxd7 34.
Nd3 Nxd3 35. Bxd3 Bc5 36. Kf2 h5 37. Ke2 Be7 38. Bc2 h4 39. Nd1 hxg3 40. hxg3
Be6 41. Nf2 Bc5 42. g4 Bxf2 43. Kxf2 Kf6 44. Kg3 Kg5 45. Bd3 f5 46. Be2 Bd7 47.
Bd1 f4+ 48. Kh3 Kf6 49. Kg2 Ke7 50. Kf2 Kd6 51. Ke2 Kc5 52. Kd3 Be6 1/2-1/2

[Event "Tom Weston Open Major"]
[Site "Cardiff"]
[Date "2018.04.02"]
[Round "6.2"]
[White "Timmins, Chris P"]
[Black "Pearson, Raymond"]
[Result "1/2-1/2"]
[WhiteElo "1844"]
[BlackElo "1898"]
[PlyCount "76"]
[EventDate "2018.03.30"]
[EventType "swiss"]
[EventRounds "7"]
[EventCountry "WLS"]
[SourceDate "2018.03.30"]

1. d4 Nf6 2. Nf3 g6 3. Bg5 Bg7 4. Nbd2 d5 5. e3 O-O 6. c4 c6 7. Be2 Bf5 8. Qb3
Qb6 9. O-O Nbd7 10. Ne5 Rfe8 11. cxd5 cxd5 12. Bb5 a6 13. Ba4 Qxb3 14. Bxb3 e6
15. Nxd7 Nxd7 16. Rfc1 Rac8 17. a4 b6 18. h3 Bf8 19. Bf4 Bb4 20. Nf3 f6 21. Bc7
Ba5 22. Ba2 Bd3 23. Bd6 b5 24. b4 Bb6 25. a5 Ba7 26. Nd2 Bc4 27. Nb3 Rc6 28.
Bc5 Nxc5 29. Nxc5 Bxc5 30. dxc5 Kf7 31. Rd1 Ke7 32. Bb1 e5 33. Bc2 Ke6 34. Rd2
f5 35. h4 e4 36. g3 h6 37. Kg2 Ke5 38. Rh1 h5 1/2-1/2

[Event "Tom Weston Open Major"]
[Site "Cardiff"]
[Date "2018.04.02"]
[Round "6.3"]
[White "James, Dai"]
[Black "Evans, Nicholas Thomas"]
[Result "0-1"]
[WhiteElo "1850"]
[BlackElo "1860"]
[PlyCount "34"]
[EventDate "2018.03.30"]
[EventType "swiss"]
[EventRounds "7"]
[EventCountry "WLS"]
[SourceDate "2018.03.30"]

1. e4 e5 2. Nf3 Nc6 3. d4 exd4 4. Nxd4 Nf6 5. Nxc6 bxc6 6. Bd3 d6 7. Bd2 g6 8.
Bc3 Bg7 9. O-O O-O 10. Nd2 Re8 11. f4 Ng4 12. Bxg7 Ne3 13. Qf3 Nxf1 14. Bc3
Nxd2 15. Bxd2 d5 16. Rf1 dxe4 17. Bxe4 Qd4+ 0-1

[Event "Tom Weston Open Major"]
[Site "Cardiff"]
[Date "2018.04.02"]
[Round "6.4"]
[White "Bevan, Peter M"]
[Black "Buttell, David"]
[Result "1-0"]
[WhiteElo "1916"]
[BlackElo "1773"]
[PlyCount "59"]
[EventDate "2018.03.30"]
[EventType "swiss"]
[EventRounds "7"]
[EventCountry "WLS"]
[SourceDate "2018.03.30"]

1. Nf3 d5 2. c4 e6 3. g3 Nf6 4. Bg2 c6 5. O-O Be7 6. d4 O-O 7. Nc3 Nbd7 8. b3
b6 9. cxd5 cxd5 10. Bf4 Ba6 11. Re1 Rc8 12. Rc1 Bb4 13. Bd2 Qe7 14. Ne5 Nxe5
15. dxe5 Ng4 16. e4 Nxe5 17. exd5 Nd3 18. dxe6 Bxc3 19. Bxc3 Nxe1 20. exf7+ Kh8
21. Qd4 Qxf7 22. Rxe1 Rcd8 23. Qe3 Rd3 24. Qe5 Rdd8 25. Bc6 Bb7 26. Bxb7 Qxb7
27. Qe7 Qxe7 28. Rxe7 Rg8 29. Rxa7 Ra8 30. Bxg7+ 1-0

[Event "Tom Weston Open Major"]
[Site "Cardiff"]
[Date "2018.04.02"]
[Round "6.5"]
[White "Thomas, Roy"]
[Black "Christmas, Steve"]
[Result "1-0"]
[WhiteElo "1701"]
[BlackElo "1841"]
[PlyCount "61"]
[EventDate "2018.03.30"]
[EventType "swiss"]
[EventRounds "7"]
[EventCountry "WLS"]
[SourceDate "2018.03.30"]

1. f4 d5 2. Nf3 Nf6 3. e3 c6 4. Be2 Bg4 5. O-O Nbd7 6. b3 e6 7. Bb2 Bd6 8. Qe1
Qe7 9. h3 Bxf3 10. Rxf3 e5 11. d4 e4 12. Rf1 h5 13. c4 h4 14. Nc3 Bb4 15. a3
Bxc3 16. Qxc3 Qd6 17. a4 O-O-O 18. Ba3 Qc7 19. a5 Kb8 20. b4 Ka8 21. Rfc1 Rc8
22. Rc2 a6 23. Rac1 Qb8 24. Qb3 Rhd8 25. b5 dxc4 26. Bxc4 axb5 27. Bxf7 Ka7 28.
Be7 Rh8 29. Qe6 Rh6 30. d5 Nxd5 31. Qxd5 1-0

[Event "Tom Weston Open Major"]
[Site "Cardiff"]
[Date "2018.04.02"]
[Round "6.6"]
[White "McGregor, John"]
[Black "Servini, Mike"]
[Result "1-0"]
[WhiteElo "1835"]
[BlackElo "1660"]
[PlyCount "41"]
[EventDate "2018.03.30"]
[EventType "swiss"]
[EventRounds "7"]
[EventCountry "WLS"]
[SourceDate "2018.03.30"]

1. e4 e6 2. d4 d5 3. Nc3 Nf6 4. Bg5 Be7 5. e5 Nfd7 6. Bxe7 Qxe7 7. Qg4 g6 8. f4
b6 9. O-O-O Ba6 10. Bxa6 Nxa6 11. Nb5 O-O 12. h4 h5 13. Qe2 c5 14. Nf3 Nb4 15.
c3 a6 16. Nd6 Nc6 17. g4 cxd4 18. cxd4 b5 19. gxh5 f6 20. Rhg1 fxe5 21. Rxg6+
1-0

[Event "Tom Weston Open Major"]
[Site "Cardiff"]
[Date "2018.04.02"]
[Round "6.7"]
[White "Ray, Hiya"]
[Black "White, Ernest M"]
[Result "1-0"]
[WhiteElo "1581"]
[BlackElo "1830"]
[PlyCount "63"]
[EventDate "2018.03.30"]
[EventType "swiss"]
[EventRounds "7"]
[EventCountry "WLS"]
[SourceDate "2018.03.30"]

1. d4 d5 2. Nf3 e6 3. c4 Nf6 4. g3 Be7 5. Bg2 c6 6. O-O Ne4 7. Nbd2 f5 8. Nxe4
fxe4 9. Ne5 O-O 10. Bf4 Nd7 11. Nxd7 Bxd7 12. f3 exf3 13. Bxf3 Bf6 14. Rc1 Qb6
15. e3 Rae8 16. Bd6 Rf7 17. Rc2 dxc4 18. Rxc4 e5 19. Rb4 Qd8 20. Rxb7 exd4 21.
exd4 Qa8 22. Rb3 Bh3 23. Re1 Bxd4+ 24. Kh1 Bb6 25. Rc3 Qd8 26. Rd3 Rxe1+ 27.
Qxe1 Bf5 28. Rd1 Rd7 29. Bxc6 Rxd6 30. Rxd6 Qxd6 31. Qe8+ Qf8 32. Bd5+ 1-0

[Event "Tom Weston Open Major"]
[Site "Cardiff"]
[Date "2018.04.02"]
[Round "6.8"]
[White "Stuart, Neil"]
[Black "Jansen Van Rensburg, Leon"]
[Result "1-0"]
[WhiteElo "1737"]
[BlackElo "1497"]
[PlyCount "83"]
[EventDate "2018.03.30"]
[EventType "swiss"]
[EventRounds "7"]
[EventCountry "WLS"]
[SourceDate "2018.03.30"]

1. d4 Nf6 2. Nf3 g6 3. c4 Bg7 4. Nc3 O-O 5. e4 d6 6. Be2 Nbd7 7. O-O c5 8. d5
Ng4 9. Bf4 Nge5 10. Qd2 Nxf3+ 11. Bxf3 Ne5 12. Be2 f5 13. Bh6 e6 14. Bxg7 Kxg7
15. Rad1 fxe4 16. Nxe4 exd5 17. Qxd5 Nf7 18. Nxd6 Nxd6 19. Qxd6 Qxd6 20. Rxd6
Bf5 21. Bf3 Rab8 22. Re1 b6 23. Re7+ Rf7 24. Rxf7+ Kxf7 25. Kf1 Ke7 26. Rd2 Rd8
27. Ke1 Rxd2 28. Kxd2 Kd6 29. Ke3 Ke5 30. Be2 Bb1 31. a3 g5 32. Bd3 Bxd3 33.
Kxd3 h5 34. Ke3 Kf5 35. f3 a6 36. a4 Ke5 37. g3 Kf5 38. h3 g4 39. fxg4+ hxg4
40. hxg4+ Kxg4 41. Kf2 Kg5 42. Kf3 1-0

[Event "Tom Weston Open Major"]
[Site "Cardiff"]
[Date "2018.04.02"]
[Round "6.10"]
[White "Yeo, Gareth"]
[Black "Di-Vetta, Andrew"]
[Result "1-0"]
[WhiteElo "1946"]
[BlackElo "1691"]
[PlyCount "91"]
[EventDate "2018.03.30"]
[EventType "swiss"]
[EventRounds "7"]
[EventCountry "WLS"]
[SourceDate "2018.03.30"]

1. d4 Nf6 2. c4 e6 3. Nc3 Bb4 4. a3 Bxc3+ 5. bxc3 c5 6. f3 Qa5 7. Bd2 d6 8. e4
Nc6 9. d5 Ne5 10. f4 Ng6 11. Bd3 Bd7 12. Nf3 Ba4 13. Qe2 O-O 14. O-O Qc7 15. e5
dxe5 16. fxe5 Ng4 17. d6 Qd7 18. h3 Nh6 19. Bxh6 gxh6 20. Qe3 f6 21. Qxh6 Nxe5
22. Nxe5 fxe5 23. Rae1 Qg7 24. Qxe6+ Kh8 25. Rxf8+ Rxf8 26. Qxe5 Bc6 27. Qxg7+
Kxg7 28. Re7+ Kf6 29. Rxh7 Rd8 30. Kf2 Ke5 31. d7 Bxd7 32. Rh5+ Kf6 33. Be4 b6
34. g4 Re8 35. Kf3 Rf8 36. Bf5 Ba4 37. Kf4 Bb3 38. Rh6+ Kg7 39. Rh7+ Kg8 40.
Rxa7 Bxc4 41. Kg5 b5 42. h4 Re8 43. h5 Re3 44. h6 Bd5 45. h7+ Kh8 46. Rd7 1-0

[Event "Tom Weston Open Major"]
[Site "Cardiff"]
[Date "2018.04.02"]
[Round "6.11"]
[White "Summers, Charles"]
[Black "Morgans, Justin"]
[Result "1/2-1/2"]
[WhiteElo "1901"]
[BlackElo "1623"]
[PlyCount "55"]
[EventDate "2018.03.30"]
[EventType "swiss"]
[EventRounds "7"]
[EventCountry "WLS"]
[SourceDate "2018.03.30"]

1. d4 f5 2. e4 fxe4 3. Nc3 Nf6 4. Bg5 d5 5. Bxf6 exf6 6. Qh5+ g6 7. Qxd5 Bb4 8.
Qxe4+ Qe7 9. O-O-O Bxc3 10. Qxe7+ Kxe7 11. bxc3 Re8 12. Bc4 Nd7 13. Nf3 Nb6 14.
Rde1+ Kf8 15. Rxe8+ Kxe8 16. Re1+ Kf8 17. Be6 Bxe6 18. Rxe6 Kf7 19. Re1 Rd8 20.
Nd2 Na4 21. Re3 c5 22. Nb3 c4 23. Na5 b5 24. Nc6 Rd7 25. g4 g5 26. Nb4 Nb6 27.
Kd2 Rd6 28. Rh3 1/2-1/2

[Event "Tom Weston Open Major"]
[Site "Cardiff"]
[Date "2018.04.02"]
[Round "6.12"]
[White "Bridges, Paul"]
[Black "Hunt, Bill"]
[Result "0-1"]
[WhiteElo "1804"]
[BlackElo "1603"]
[PlyCount "84"]
[EventDate "2018.03.30"]
[EventType "swiss"]
[EventRounds "7"]
[EventCountry "WLS"]
[SourceDate "2018.03.30"]

1. e4 c5 2. Nc3 g6 3. f4 Bg7 4. Nf3 Nc6 5. Bc4 e6 6. O-O Nge7 7. d3 d5 8. Bb3
a6 9. e5 Na5 10. a3 Nxb3 11. cxb3 O-O 12. Bd2 b6 13. Na2 Bb7 14. b4 d4 15. bxc5
bxc5 16. b4 cxb4 17. Nxb4 Rc8 18. Rc1 Qd7 19. Kf2 Nf5 20. g4 Ne7 21. Nc2 Nc6
22. g5 a5 23. h4 Qd5 24. Qe2 Rc7 25. h5 Rfc8 26. hxg6 hxg6 27. Nce1 Bf8 28. Nh2
Bxa3 29. Rc2 Bb4 30. Ng4 Be7 31. Nf6+ Bxf6 32. exf6 Nb4 33. Rb2 Nc2 34. Rxb7
Rxb7 35. Bxa5 Ne3 36. Bd2 Nxf1 37. Kxf1 Qh1+ 38. Kf2 Qd5 39. Qd1 Rb2 40. Ke2
Qh1 41. Nf3 Qg2+ 42. Ke1 Rcc2 0-1

[Event "Tom Weston Open Major"]
[Site "Cardiff"]
[Date "2018.04.02"]
[Round "6.13"]
[White "Williams, Stephen"]
[Black "McIntosh, Rachel"]
[Result "0-1"]
[WhiteElo "1683"]
[BlackElo "1453"]
[PlyCount "112"]
[EventDate "2018.03.30"]
[EventType "swiss"]
[EventRounds "7"]
[EventCountry "WLS"]
[SourceDate "2018.03.30"]

1. d4 Nf6 2. c4 e5 3. dxe5 Ng4 4. Bf4 Bb4+ 5. Nd2 Nc6 6. Ngf3 Qe7 7. a3 Ngxe5
8. Nxe5 Nxe5 9. e3 Bxd2+ 10. Qxd2 d6 11. Qd5 Ng6 12. Bg3 O-O 13. Be2 Rb8 14.
Rd1 b6 15. O-O Bb7 16. Qd4 Rfe8 17. b4 Rbd8 18. Qc3 c5 19. Rd2 Nh4 20. Rfd1 Nf5
21. Bf3 Bxf3 22. gxf3 Nxg3 23. hxg3 Rd7 24. Rd5 Red8 25. Qd3 Qf6 26. e4 Qe6 27.
Kg2 f6 28. f4 Kf8 29. e5 f5 30. exd6 Qe4+ 31. f3 Qxd3 32. R1xd3 g6 33. g4 fxg4
34. fxg4 Rc8 35. b5 Re8 36. Re5 Red8 37. Re6 Re8 38. f5 Kf7 39. Rde3 Red8 40.
Re7+ Rxe7 41. Rxe7+ Kf6 42. Re6+ Kg5 43. f6 Rd7 44. f7 Rxf7 45. Re7 Rf8 46. Kg3
h6 47. d7 Rd8 48. Re5+ Kf6 49. Rd5 Ke6 50. Kf4 Rxd7 51. Re5+ Kf6 52. Re4 Rd4
53. g5+ hxg5+ 54. Ke3 Rxe4+ 55. Kxe4 Ke6 56. Kf3 Ke5 0-1

[Event "Tom Weston Open Major"]
[Site "Cardiff"]
[Date "2018.04.02"]
[Round "6.14"]
[White "Dixon, Chris"]
[Black "Fraser, Susanna"]
[Result "0-1"]
[WhiteElo "1808"]
[BlackElo "1486"]
[PlyCount "74"]
[EventDate "2018.03.30"]
[EventType "swiss"]
[EventRounds "7"]
[EventCountry "WLS"]
[SourceDate "2018.03.30"]

1. Nf3 d5 2. g3 Nf6 3. Bg2 Bf5 4. O-O e6 5. d3 Be7 6. Nbd2 O-O 7. b3 h6 8. Bb2
Nbd7 9. h3 c6 10. Ne5 Qc7 11. Nxd7 Nxd7 12. e4 Bg6 13. Qe2 Bc5 14. d4 Bd6 15.
e5 Be7 16. c3 c5 17. Rac1 Nb6 18. f4 c4 19. bxc4 Nxc4 20. Nxc4 Qxc4 21. Qxc4
dxc4 22. Rfe1 Rab8 23. Be4 Kh7 24. Bxg6+ Kxg6 25. Rb1 b5 26. Bc1 b4 27. Bd2 a5
28. Rb2 bxc3 29. Bxc3 Rxb2 30. Bxb2 Bb4 31. Rc1 Rc8 32. Bc3 Bxc3 33. Rxc3 Kf5
34. Re3 c3 35. Re1 c2 36. Rc1 Ke4 37. Kf2 Kd3 0-1

[Event "Tom Weston Open Major"]
[Site "Cardiff"]
[Date "2018.04.02"]
[Round "6.15"]
[White "Fox, Chris"]
[Black "Camp, Syringa Lyn"]
[Result "1-0"]
[WhiteElo "1669"]
[BlackElo "1676"]
[PlyCount "41"]
[EventDate "2018.03.30"]
[EventType "swiss"]
[EventRounds "7"]
[EventCountry "WLS"]
[SourceDate "2018.03.30"]

1. d4 g6 2. e4 Bg7 3. Nc3 e6 4. Be3 d6 5. Qd2 Ne7 6. O-O-O O-O 7. f3 Nbc6 8. g4
a5 9. h4 f5 10. h5 Kf7 11. Nh3 Rh8 12. d5 Nb4 13. dxe6+ Ke8 14. Ng5 Kf8 15. Nf7
Qe8 16. hxg6 f4 17. Bxf4 Bxc3 18. bxc3 Nxa2+ 19. Kb2 Bxe6 20. Bh6+ Kg8 21. Qd4
1-0

[Event "Tom Weston Open Major"]
[Site "Cardiff"]
[Date "2018.04.02"]
[Round "6.16"]
[White "Probert, Malcolm"]
[Black "Larg, Richard"]
[Result "0-1"]
[WhiteElo "1620"]
[BlackElo "1680"]
[PlyCount "80"]
[EventDate "2018.03.30"]
[EventType "swiss"]
[EventRounds "7"]
[EventCountry "WLS"]
[SourceDate "2018.03.30"]

1. Nf3 Nf6 2. g3 g6 3. b3 Bg7 4. Bg2 O-O 5. c4 b6 6. Bb2 Bb7 7. O-O c5 8. e3 d6
9. Qe2 Qc7 10. d4 cxd4 11. exd4 Re8 12. d5 e5 13. Nc3 a6 14. Nd2 Nbd7 15. Rac1
Bh6 16. Rc2 Qb8 17. Nde4 Nxe4 18. Nxe4 f5 19. Bh3 Qc7 20. Nd2 a5 21. Nb1 Qd8
22. Nc3 Ba6 23. Bc1 Bxc1 24. Rfxc1 Nc5 25. Bg2 Rb8 26. h3 Kg7 27. f3 Qg5 28. g4
f4 29. Ne4 Qe7 30. Nxc5 bxc5 31. Qe1 Qc7 32. Rb1 Rb6 33. Qxa5 Bb7 34. Qc3 Rb8
35. a3 Ra6 36. b4 Rba8 37. Rb3 cxb4 38. Qxb4 Bxd5 39. Bf1 Bf7 40. Rbc3 Rb8 0-1

[Event "Tom Weston Open Major"]
[Site "Cardiff"]
[Date "2018.04.02"]
[Round "6.18"]
[White "Hurn, Robert AJ"]
[Black "Cox, John"]
[Result "1-0"]
[WhiteElo "1593"]
[BlackElo "1443"]
[PlyCount "107"]
[EventDate "2018.03.30"]
[EventType "swiss"]
[EventRounds "7"]
[EventCountry "WLS"]
[SourceDate "2018.03.30"]

1. d4 f5 2. Nc3 e6 3. e4 fxe4 4. Nxe4 Nf6 5. Bg5 Be7 6. Bxf6 Bxf6 7. Nf3 b6 8.
Bd3 Bb7 9. c3 O-O 10. Qc2 g6 11. h4 d5 12. Nxf6+ Qxf6 13. h5 Ba6 14. hxg6 Bxd3
15. gxh7+ Kh8 16. Qxd3 Nd7 17. O-O-O c5 18. Nh4 Qf4+ 19. Kb1 Rf6 20. Ng6+ Rxg6
21. Qxg6 Qe4+ 22. Qxe4 dxe4 23. dxc5 Nxc5 24. g4 Nd3 25. Rh2 Rf8 26. Rd2 Rf4
27. g5 e3 28. fxe3 Rf1+ 29. Kc2 Ne1+ 30. Kb3 Rf8 31. Rdf2 Rxf2 32. Rxf2 Kxh7
33. Rf7+ Kg6 34. Rf6+ Kxg5 35. Rxe6 Nd3 36. Re7 Kf6 37. Rxa7 Nc5+ 38. Kc4 Ke5
39. b4 Ne6 40. a4 Kd6 41. Rh7 Ng5 42. Rh6+ Kc7 43. Kb5 Ne4 44. Rh7+ Kd6 45.
Kxb6 Nxc3 46. Ka5 Nd5 47. e4 Nc3 48. Rh4 Ne2 49. Kb6 Nc3 50. a5 Na4+ 51. Kb7
Kd7 52. a6 Kd8 53. a7 Nb6 54. Kxb6 1-0